Sermones del P. Carlos Frey de Neuville, predicador de Luis XV, rey de Francia

Detalles Bibliográficos
Autor principal: Frey de Neuville, Charles 1693-1774
Otros Autores: Pellicer, Juan Antonio (tr.)
Formato: Libro
Lenguaje:Spanish
Publicado: en Madrid 1784
Materias:
Colección:Banco de datos
Acervo:Biblioteca Armando Olivares Carrillo de la Universidad de Guanajuato. Fondo Conventos
Descripción Física:8 t. 4°
Tema general:Homilética
Notas:Daños en la encuadernación
LEADER 00833nam a22002050004500
035 |a 3363 
041 0 |a spa 
050 4 |a BV4207  |b F7 
100 1 |a Frey de Neuville, Charles  |d 1693-1774 
245 1 0 |a Sermones del P. Carlos Frey de Neuville, predicador de Luis XV, rey de Francia  |c traducidos del frances por D. Juan Antonio Pellicer, de la Real Biblioteca 
260 |a en Madrid  |b por Andres Ramirez, impresor de la Real Biblioteca  |c 1784 
300 |a 8 t.  |c 4° 
500 |a Daños en la encuadernación  
505 0 0 |a t.2-4 Quaresma.-- t.6-7 Panegyricos.-- t.8 Retiro espiritual y exortaciones 
650 1 0 |a Homilética 
700 1 |a Pellicer, Juan Antonio  |e tr.  
949 |a CO. t. 3 (6041) 
942 |c GUANAJUATO 
943 |g Biblioteca Armando Olivares Carrillo de la Universidad de Guanajuato. Fondo Conventos 
999 |c 1147320  |d 1147320